[Event "4NCL Division 1b"]
[Site "Northampton, ENG"]
[Date "2017.01.14"]
[Round "3.81"]
[White "Walker, David J"]
[Black "Ghasi, Ameet K"]
[Result "1/2-1/2"]
[WhiteElo "2289"]
[BlackElo "2455"]
[PlyCount "139"]
[EventDate "2017.01.14"]
[WhiteTeam "North East England"]
[BlackTeam "Grantham Sharks 1"]

1. c4 g6 2. g3 Bg7 3. Bg2 Nf6 4. Nc3 O-O 5. e4 c5 6. Nge2 Nc6 7. O-O d6 8. d3
a6 9. a4 Bd7 10. h3 Ne8 11. Be3 Nd4 12. Rb1 Nc7 13. b4 b6 14. f4 Nc6 15. b5
axb5 16. Nxb5 Na6 17. Bd2 Nd4 18. Kh2 Nxe2 19. Qxe2 Bxb5 20. cxb5 Nc7 21. a5 e5
22. f5 Qd7 23. Qd1 bxa5 24. b6 Na6 25. Bxa5 Nb8 26. Bc3 Nc6 27. Rf2 Rab8 28.
Qa4 Bh6 29. Re2 Rb7 30. h4 g5 31. Bd2 f6 32. Bh3 Nd4 33. Qxd7 Rxd7 34. Rf2 Rb7
35. Be3 Nc6 36. hxg5 Bxg5 37. Bxg5 fxg5 38. f6 Kf7 39. Bg4 Nb4 40. Bh5+ Kg8 41.
Rf5 h6 42. f7+ Kg7 43. Rbf1 Nxd3 44. Kh3 Rxb6 45. Kg4 Rb4 46. Rf6 Nf4 47. Rxd6
Nxh5 48. Kxh5 Rxf7 49. Rg6+ Kf8 50. Rxf7+ Kxf7 51. Rxh6 Rxe4 52. Kxg5 c4 53.
Kf5 Re3 54. Rh7+ Ke8 55. Rc7 c3 56. g4 Kd8 57. Rc4 Kd7 58. g5 Kd6 59. g6 Rg3
60. g7 Rxg7 61. Rxc3 Rf7+ 62. Ke4 Rf4+ 63. Ke3 Kd5 64. Rd3+ Ke6 65. Rd8 Kf5 66.
Rf8+ Kg4 67. Rg8+ Kf5 68. Rf8+ Ke6 69. Rxf4 exf4+ 70. Kxf4 1/2-1/2

[Event "4NCL Division 1b"]
[Site "Northampton, ENG"]
[Date "2017.01.14"]
[Round "3.82"]
[White "Rendle, Thomas E"]
[Black "Dunn, Andrew"]
[Result "1-0"]
[WhiteElo "2356"]
[BlackElo "2245"]
[PlyCount "79"]
[EventDate "2017.01.14"]
[WhiteTeam "Grantham Sharks 1"]
[BlackTeam "North East England"]

1. e4 c6 2. Nc3 d5 3. Nf3 dxe4 4. Nxe4 Nf6 5. Qe2 Nxe4 6. Qxe4 Nd7 7. Bc4 Nf6
8. Ne5 e6 9. Qe2 Be7 10. c3 Qc7 11. d4 b5 12. Bb3 O-O 13. O-O Bd7 14. Bg5 Rae8
15. Bc2 Nd5 16. Qd3 f5 17. Bxe7 Rxe7 18. Rfe1 Be8 19. Bb3 Rf6 20. Rac1 Rh6 21.
Qg3 Qb6 22. Nd3 Qc7 23. Re5 Bf7 24. Rce1 Rg6 25. Qf3 Rf6 26. Nc5 Re8 27. Qe2
Rh6 28. Bxd5 cxd5 29. Qxb5 Rb8 30. Qe2 Rb6 31. b4 Be8 32. h3 Bh5 33. Qe3 Bf7
34. a4 Rf6 35. Qf4 h6 36. h4 Kh7 37. a5 Rd6 38. R5e3 Qc6 39. b5 Qc7 40. Rb1 1-0

[Event "4NCL Division 1b"]
[Site "Northampton, ENG"]
[Date "2017.01.14"]
[Round "3.83"]
[White "Moreby, James"]
[Black "Roberson, Peter T"]
[Result "0-1"]
[WhiteElo "2158"]
[BlackElo "2401"]
[PlyCount "70"]
[EventDate "2017.01.14"]
[WhiteTeam "North East England"]
[BlackTeam "Grantham Sharks 1"]

1. c4 e5 2. g3 d6 3. Bg2 f5 4. Nc3 Nf6 5. e3 Be7 6. Nge2 O-O 7. O-O c6 8. d4
Nbd7 9. b3 Qe8 10. Ba3 e4 11. Nf4 Nb6 12. f3 g5 13. Nfe2 d5 14. Bxe7 Qxe7 15.
c5 exf3 16. Rxf3 Nbd7 17. Qd3 Ne4 18. Nxe4 dxe4 19. Qc4+ Kg7 20. Rf2 Nf6 21.
Bh3 Be6 22. Qc1 Nd5 23. Nc3 Rf6 24. Nxd5 cxd5 25. Qd2 Raf8 26. Raf1 h5 27. b4
h4 28. gxh4 g4 29. Bg2 Rh6 30. Bh1 Qxh4 31. Rg2 Qg5 32. Rf4 Rh3 33. Qf2 Rfh8
34. Qe2 g3 35. Rxg3 Qxg3+ 0-1

[Event "4NCL Division 1b"]
[Site "Northampton, ENG"]
[Date "2017.01.14"]
[Round "3.84"]
[White "Daskalov, Dimitar"]
[Black "Coathup, Roger H"]
[Result "1-0"]
[WhiteElo "2332"]
[BlackElo "2150"]
[PlyCount "89"]
[EventDate "2017.01.14"]
[WhiteTeam "Grantham Sharks 1"]
[BlackTeam "North East England"]

1. e4 c5 2. Nc3 a6 3. Nf3 e6 4. d4 cxd4 5. Nxd4 Qc7 6. Bd3 Nf6 7. O-O Bc5 8.
Nb3 Be7 9. Qe2 d6 10. f4 Nc6 11. a4 b6 12. Be3 Bb7 13. Rae1 Nb4 14. Kh1 O-O 15.
Nd2 Rab8 16. Bd4 e5 17. fxe5 dxe5 18. Bf2 Nxd3 19. cxd3 Bc8 20. Bg3 Bg4 21. Qe3
Nd7 22. Nd5 Qd8 23. Nxe7+ Qxe7 24. h3 Be6 25. d4 f6 26. Rc1 Rfc8 27. Nf3 Bf7
28. dxe5 fxe5 29. Rcd1 Rb7 30. Rf2 h6 31. Rfd2 b5 32. axb5 axb5 33. Rd6 b4 34.
Nh4 Bh5 35. Nf5 Qe8 36. Nxg7 Kxg7 37. Qxh6+ Kg8 38. Qg5+ Kf8 39. Rf1+ Bf7 40.
Rg6 Nf6 41. Qxf6 Qb5 42. Bxe5 Ke8 43. Qh8+ Ke7 44. Rxf7+ Kxf7 45. Qh7+ 1-0

[Event "4NCL Division 1b"]
[Site "Northampton, ENG"]
[Date "2017.01.14"]
[Round "3.85"]
[White "Dargan, Paul A G"]
[Black "Foisor, Mihaela-Veronica"]
[Result "1-0"]
[WhiteElo "2222"]
[BlackElo "2247"]
[PlyCount "103"]
[EventDate "2017.01.14"]
[WhiteTeam "North East England"]
[BlackTeam "Grantham Sharks 1"]

1. e4 e6 2. d4 d5 3. Nd2 Nf6 4. e5 Nfd7 5. c3 c5 6. Bd3 Nc6 7. Ne2 cxd4 8. cxd4
f6 9. exf6 Qxf6 10. O-O Bd6 11. Nf3 h6 12. Ng3 O-O 13. Bc2 Rd8 14. Re1 Nf8 15.
Ne5 Qh4 16. f4 Bxe5 17. dxe5 Bd7 18. Be3 Rac8 19. Rc1 d4 20. Bd2 Be8 21. Bd3
Ne7 22. Rxc8 Rxc8 23. Re4 Nd5 24. Rxd4 Qd8 25. Qb3 b5 26. Be4 Qb6 27. Be3 Nxe3
28. Qxe3 Rd8 29. Ne2 Bh5 30. Kf2 Bxe2 31. Rxd8 Qxd8 32. Kxe2 Qc7 33. Qc3 Qb6
34. Qe3 Qc7 35. Bd3 a6 36. Kf2 Nd7 37. Qe4 Qc1 38. Qd4 Qc7 39. b4 Qb6 40. Ke3
Kf7 41. Qxb6 Nxb6 42. Be4 Ke7 43. Kd4 Kd7 44. Bb7 Kc7 45. Bxa6 Kc6 46. a3 Nd5
47. f5 Ne7 48. f6 Nf5+ 49. Ke4 gxf6 50. exf6 Kb6 51. Bc8 Nd6+ 52. Kd3 1-0

[Event "4NCL Division 1b"]
[Site "Northampton, ENG"]
[Date "2017.01.14"]
[Round "3.86"]
[White "Smith, Murray"]
[Black "Dalton, Joseph"]
[Result "0-1"]
[WhiteElo "2320"]
[BlackElo "2102"]
[PlyCount "60"]
[EventDate "2017.01.14"]
[WhiteTeam "Grantham Sharks 1"]
[BlackTeam "North East England"]

1. c4 c6 2. Nc3 d5 3. cxd5 cxd5 4. d4 Nc6 5. Nf3 Nf6 6. Bg5 Ne4 7. Bd2 Bg4 8.
e3 Nxd2 9. Qxd2 Bxf3 10. gxf3 e6 11. Bd3 Rc8 12. f4 Bd6 13. O-O-O Bb4 14. Kb1
O-O 15. Rc1 Na5 16. Rc2 Nc4 17. Bxc4 Rxc4 18. Rhc1 Qb6 19. Qd3 Qa6 20. Ne2 Rfc8
21. Rxc4 dxc4 22. Qc2 b5 23. f5 Bf8 24. Nf4 exf5 25. Qxf5 b4 26. Nd3 b3 27. a3
cxd3 28. Rxc8 d2 29. Rxf8+ Kxf8 30. Qc5+ Kg8 0-1

[Event "4NCL Division 1b"]
[Site "Northampton, ENG"]
[Date "2017.01.14"]
[Round "3.87"]
[White "Malola, Prasath.T.S"]
[Black "Bremner, Adam"]
[Result "0-1"]
[WhiteElo "2080"]
[BlackElo "2208"]
[PlyCount "68"]
[EventDate "2017.01.14"]
[WhiteTeam "North East England"]
[BlackTeam "Grantham Sharks 1"]

1. e4 c5 2. Nf3 Nc6 3. d4 cxd4 4. Nxd4 g6 5. Nc3 Bg7 6. Be3 Nf6 7. Bc4 Qa5 8.
O-O O-O 9. a3 d6 10. f3 Qc5 11. Ba2 Ng4 12. fxg4 Bxd4 13. Bf2 Be6 14. Nd5 Bxd5
15. exd5 Bxf2+ 16. Rxf2 Ne5 17. h3 f5 18. g5 f4 19. Qd2 Rf5 20. b4 Qb6 21. Kh1
Raf8 22. Raf1 f3 23. g3 Qa6 24. Qe3 h6 25. gxh6 Rh5 26. h4 b6 27. c4 Qc8 28.
Rxf3 Rxf3 29. Rxf3 Qh3+ 30. Kg1 Nxf3+ 31. Qxf3 Rf5 32. Qg2 Qg4 33. c5 Qd4+ 34.
Kh1 Rf2 0-1

[Event "4NCL Division 1b"]
[Site "Northampton, ENG"]
[Date "2017.01.14"]
[Round "3.88"]
[White "Murphy, Hugh W"]
[Black "Chan, Wei Yi Victoria"]
[Result "1-0"]
[WhiteElo "2094"]
[BlackElo "1907"]
[PlyCount "61"]
[EventDate "2017.01.14"]
[WhiteTeam "Grantham Sharks 1"]
[BlackTeam "North East England"]

1. e4 c5 2. b3 Nc6 3. Bb2 d6 4. Bb5 Bd7 5. f4 a6 6. Bxc6 Bxc6 7. d3 Nf6 8. Nf3
e6 9. Nbd2 Be7 10. O-O O-O 11. Qe2 b5 12. Kh1 Re8 13. Rae1 Rc8 14. e5 Nd5 15.
exd6 Bxd6 16. Ne5 Bb7 17. Qh5 Rc7 18. Ne4 g6 19. Qh3 h5 20. c4 Nf6 21. Nc6 Bxc6
22. Nxf6+ Kf8 23. Qg3 Qa8 24. Qg5 Rd8 25. Rf2 bxc4 26. dxc4 Ra7 27. f5 e5 28.
fxg6 fxg6 29. Qxg6 Rg7 30. Nxh5+ Ke7 31. Qxg7+ 1-0